[Event "Quebec-ch U16"]
[Site "Montreal CAN"]
[Date "2009.11.28"]
[Round "2"]
[White "Boni-Rowe, Nicolas"]
[Black "MacIsaac, Alexandre"]
[Result "1-0"]
[WhiteElo "1347"]
[BlackElo "1529"]
[PlyCount "115"]
[GameId "2160767910030181"]
[EventDate "2009.11.27"]
[EventType "swiss"]
[EventRounds "5"]
[EventCountry "CAN"]
[SourceTitle "EXT 2011"]
[Source "ChessBase"]
[SourceDate "2011.11.26"]
[SourceVersion "1"]
[SourceVersionDate "2011.11.26"]
[SourceQuality "1"]

1. e4 c5 2. Nc3 e6 3. g4 Nc6 4. d3 a6 5. a4 Nge7 6. h3 Qc7 7. f4 Ng6 8. Qf3 Nd4 9. Qf2 f6 10. h4 Bd6 11. Nh3 Nxh4 12. Bg2 Nxg2+ 13. Qxg2 Rb8 14. Nd1 b6 15. c3 Nb3 16. Rb1 Nxc1 17. Rxc1 Bxf4 18. Rc2 Bg3+ 19. Ndf2 Bxf2+ 20. Rxf2 g5 21. Rxf6 h6 22. Qf3 Bb7 23. Nxg5 Ke7 24. Rf7+ Ke8 25. Nxe6 Qd6 26. Ng7+ Kd8 27. Qf6+ Qxf6 28. Rxf6 Kc7 29. Nf5 Rbf8 30. Rxf8 Rxf8 31. Rxh6 d6 32. Nxd6 Rg8 33. Nxb7 Kxb7 34. Rh4 Kc7 35. Ke2 b5 36. axb5 axb5 37. b4 cxb4 38. cxb4 Kd6 39. d4 Rc8 40. Rh6+ Kd7 41. Rb6 Rc4 42. Rxb5 Rxd4 43. Rd5+ Rxd5 44. exd5 Kd6 45. Kd3 Kxd5 46. Kc3 Ke5 47. b5 Kf4 48. b6 Kxg4 49. b7 Kf5 50. b8=Q Ke4 51. Qe8+ Kd5 52. Kd3 Kd6 53. Kd4 Kc7 54. Qg6 Kd7 55. Kd5 Ke7 56. Qe6+ Kd8 57. Qf7 Kc8 58. Kc6 1-0

[Event "Quebec-ch U16"]
[Site "Montreal CAN"]
[Date "2009.11.28"]
[Round "2"]
[White "Dumont, Felix"]
[Black "Page-Fortin, Mathieu"]
[Result "1-0"]
[WhiteElo "1936"]
[BlackElo "1822"]
[PlyCount "63"]
[GameId "2160767910030182"]
[EventDate "2009.11.27"]
[EventType "swiss"]
[EventRounds "5"]
[EventCountry "CAN"]
[SourceTitle "hb 2010.01"]

1. e4 e6 2. d4 d5 3. Nc3 Nf6 4. e5 Nfd7 5. f4 c5 6. Nf3 Nc6 7. Be3 Qb6 8. Na4 Qa5+ 9. c3 c4 10. b4 Nxb4 11. cxb4 Bxb4+ 12. Kf2 b5 13. a3 Be7 14. Nb2 Bxa3 15. Bd2 b4 16. Bxc4 Qc7 17. Bxd5 exd5 18. Qb3 a5 19. Na4 Qc4 20. Qxc4 dxc4 21. Ne1 c3 22. Bxc3 bxc3 23. Rxa3 Bb7 24. Rxc3 Ke7 25. Nc5 Bc8 26. Ned3 Rd8 27. Ra1 Ke8 28. e6 Nxc5 29. exf7+ Kf8 30. Nxc5 Bf5 31. Kf3 Rxd4 32. g4 1-0

[Event "Quebec-ch U16"]
[Site "Montreal CAN"]
[Date "2009.11.28"]
[Round "2"]
[White "Powell, Samantha"]
[Black "Nevarko, Serguei"]
[Result "1-0"]
[WhiteElo "1537"]
[BlackElo "1089"]
[PlyCount "83"]
[GameId "2160767910030185"]
[EventDate "2009.11.27"]
[EventType "swiss"]
[EventRounds "5"]
[EventCountry "CAN"]
[SourceTitle "hb 2010.01"]

1. e4 e5 2. Nf3 Nc6 3. Bc4 Nf6 4. d4 exd4 5. e5 Ng4 6. O-O Bc5 7. h3 Nh6 8. Bg5 Be7 9. Bxe7 Qxe7 10. Re1 O-O 11. Bb5 Re8 12. Bxc6 bxc6 13. Nxd4 Qb4 14. Nb3 d6 15. c3 Qf4 16. exd6 Rxe1+ 17. Qxe1 Qxd6 18. Qe8+ Qf8 19. Qxc6 Be6 20. Qxc7 Qd8 21. Qxd8+ Rxd8 22. N1d2 Nf5 23. Re1 Kf8 24. Re4 Nd6 25. Ra4 Rd7 26. Nc5 Rc7 27. Nxe6+ fxe6 28. Ne4 Ke7 29. Nxd6 Kxd6 30. Ra6+ Ke5 31. Kf1 Rb7 32. b3 Kf5 33. Ke2 e5 34. Ke3 Rc7 35. c4 h5 36. Ra5 Re7 37. f3 Kf6 38. Ke4 g6 39. h4 Ke6 40. Rxe5+ Kf7 41. Rxe7+ Kxe7 42. Ke5 1-0

[Event "Quebec-ch U16"]
[Site "Montreal CAN"]
[Date "2009.11.28"]
[Round "2"]
[White "Sarrazin-Gendron, Roman"]
[Black "Trottier, Emile"]
[Result "1-0"]
[WhiteElo "1915"]
[BlackElo "1791"]
[PlyCount "77"]
[GameId "2160767910030186"]
[EventDate "2009.11.27"]
[EventType "swiss"]
[EventRounds "5"]
[EventCountry "CAN"]
[SourceTitle "EXT 2011"]
[Source "ChessBase"]
[SourceDate "2011.11.26"]
[SourceVersion "1"]
[SourceVersionDate "2011.11.26"]
[SourceQuality "1"]

1. Nf3 e6 2. g3 f5 3. Bg2 Nf6 4. O-O d5 5. c4 c6 6. b3 Bd6 7. Bb2 O-O 8. d3 Qe8 9. Nbd2 e5 10. e4 fxe4 11. dxe4 d4 12. Ne1 c5 13. Nd3 Nc6 14. Re1 Bg4 15. f3 Bh5 16. Nf1 Rc8 17. Bc1 b6 18. a3 a5 19. Ra2 Bf7 20. a4 Nb4 21. Nxb4 axb4 22. f4 Nd7 23. f5 Be7 24. h4 Nb8 25. Bf3 Nc6 26. Rh2 Qd8 27. Qd3 Kh8 28. Ree2 Na5 29. Reg2 Ra8 30. g4 Bxh4 31. g5 Bxg5 32. Bxg5 Qe8 33. Bg4 Nxc4 34. Rxh7+ Kxh7 35. Rh2+ Kg8 36. Qh3 Bg6 37. Qh8+ Kf7 38. fxg6+ Kxg6 39. Qh5# 1-0

[Event "Quebec-ch U16"]
[Site "Montreal CAN"]
[Date "2009.12.28"]
[Round "2"]
[White "Gelet, Seymour"]
[Black "Poulin, Mathieu"]
[Result "1-0"]
[WhiteElo "1815"]
[BlackElo "1931"]
[PlyCount "79"]
[GameId "2160767910030187"]
[EventDate "2009.11.27"]
[EventType "swiss"]
[EventRounds "5"]
[EventCountry "CAN"]
[SourceTitle "hb 2010.01"]

1. d4 Nf6 2. c4 e6 3. Nc3 Bb4 4. Qc2 c5 5. Nf3 Nc6 6. e3 d5 7. a3 cxd4 8. exd4 Be7 9. Be3 O-O 10. Rd1 Re8 11. Bd3 dxc4 12. Bxc4 Nd5 13. O-O Na5 14. Ba2 Qc7 15. Bb1 Nf6 16. Ne5 g6 17. f4 Nc4 18. Nb5 Qb6 19. Qxc4 Nd5 20. Rf3 a6 21. Nc3 Qxb2 22. Bc1 Qb6 23. Be4 Nf6 24. f5 Kg7 25. fxg6 hxg6 26. Qd3 Bd6 27. Na4 Qc7 28. Bg5 Bxe5 29. dxe5 Nxe4 30. Qxe4 f5 31. Bf6+ Kg8 32. Qh4 Qh7 33. Qxh7+ Kxh7 34. Rh3+ Kg8 35. Rh8+ Kf7 36. Rxe8 Kxe8 37. Rd8+ Kf7 38. Nb6 g5 39. Nxc8 Kg6 40. Ne7+ 1-0

[Event "Quebec-ch U16"]
[Site "Montreal CAN"]
[Date "2009.11.29"]
[Round "3"]
[White "Page-Fortin, Mathieu"]
[Black "Gelet, Seymour"]
[Result "1-0"]
[WhiteElo "1822"]
[BlackElo "1815"]
[PlyCount "65"]
[GameId "2160767910030188"]
[EventDate "2009.11.27"]
[EventType "swiss"]
[EventRounds "5"]
[EventCountry "CAN"]
[SourceTitle "EXT 2011"]
[Source "ChessBase"]
[SourceDate "2011.11.26"]
[SourceVersion "1"]
[SourceVersionDate "2011.11.26"]
[SourceQuality "1"]

1. e4 c5 2. Nf3 d6 3. d4 cxd4 4. Nxd4 Nf6 5. Nc3 a6 6. f3 e5 7. Nb3 Be7 8. Be3 Be6 9. Qd2 Qc7 10. O-O-O Nbd7 11. g4 b5 12. g5 Nh5 13. Qf2 Rc8 14. Kb1 Qc6 15. Rd2 O-O 16. Qh4 g6 17. Bh3 Rfd8 18. Rf1 Bxh3 19. Qxh3 Nb6 20. Bxb6 Qxb6 21. Nd5 Qa7 22. Qg4 a5 23. Nc1 Rc6 24. Nd3 Qd7 25. Qg2 Qe6 26. f4 f5 27. exf5 gxf5 28. Nxe7+ Qxe7 29. Qxc6 e4 30. Nc1 e3 31. Qd5+ Kh8 32. Re2 Rf8 33. Rf3 1-0

[Event "Quebec-ch U16"]
[Site "Montreal CAN"]
[Date "2009.11.29"]
[Round "3"]
[White "Paquette, Esther-Jeanne"]
[Black "Nadeau, Emmanuel"]
[Result "0-1"]
[WhiteElo "994"]
[BlackElo "1668"]
[PlyCount "38"]
[GameId "2160767910030189"]
[EventDate "2009.11.27"]
[EventType "swiss"]
[EventRounds "5"]
[EventCountry "CAN"]
[SourceTitle "EXT 2011"]
[Source "ChessBase"]
[SourceDate "2011.11.26"]
[SourceVersion "1"]
[SourceVersionDate "2011.11.26"]
[SourceQuality "1"]

1. d4 Nf6 2. c4 g6 3. Nc3 Bg7 4. e4 d6 5. Nf3 O-O 6. Bd3 e5 7. dxe5 dxe5 8. Nxe5 Nxe4 9. Nxe4 Bxe5 10. O-O Nc6 11. Rb1 Nb4 12. Be2 Bf5 13. f3 Bxe4 14. fxe4 Qh4 15. g3 Qxe4 16. Bh6 Bd4+ 17. Rf2 Rad8 18. Qe1 Rfe8 19. Kf1 Qh1# 0-1

[Event "Quebec-ch U16"]
[Site "Montreal CAN"]
[Date "2009.11.29"]
[Round "3"]
[White "Poulin, Mathieu"]
[Black "Boni-Rowe, Nicolas"]
[Result "1-0"]
[WhiteElo "1931"]
[BlackElo "1347"]
[PlyCount "113"]
[GameId "2160767910030190"]
[EventDate "2009.11.27"]
[EventType "swiss"]
[EventRounds "5"]
[EventCountry "CAN"]
[SourceTitle "EXT 2011"]
[Source "ChessBase"]
[SourceDate "2011.11.26"]
[SourceVersion "1"]
[SourceVersionDate "2011.11.26"]
[SourceQuality "1"]

1. d4 f5 2. c4 e6 3. Nc3 Nf6 4. g3 Be7 5. Bg2 O-O 6. Nf3 d5 7. Ne5 c6 8. O-O Nbd7 9. Nf3 Ne4 10. Qc2 Ndf6 11. e3 Bd7 12. b3 Rc8 13. Bb2 Be8 14. Ne5 Nd7 15. Nd3 Bg5 16. Ne2 Bf7 17. Nef4 b5 18. c5 a5 19. f3 Nef6 20. Rfe1 Nh5 21. Nh3 Bh6 22. Bc3 Qc7 23. Qd2 Ra8 24. Re2 Nhf6 25. Rf1 g5 26. Qe1 Bh5 27. Nhf2 Rf7 28. Nd1 a4 29. Nb4 f4 30. exf4 gxf4 31. Rxe6 fxg3 32. Qxg3+ Qxg3 33. hxg3 Rg7 34. g4 Bf7 35. Rxc6 Bf4 36. Nd3 Bg3 37. Be1 Bxe1 38. Rxe1 h5 39. gxh5 Nxh5 40. b4 Bg6 41. N1f2 Ng3 42. Nf4 Bf7 43. Rd6 Nf8 44. Re5 Re8 45. Rxe8 Bxe8 46. Nxd5 Nf5 47. Nf6+ Kf7 48. Nxe8 Kxe8 49. Rb6 Nd7 50. Re6+ Kf7 51. Re4 Nf6 52. Rf4 Ke6 53. Ng4 Nd5 54. Re4+ Kd7 55. a3 Nc3 56. Nf6+ Kc7 57. Ne8+ 1-0

[Event "Quebec-ch U16"]
[Site "Montreal CAN"]
[Date "2009.11.29"]
[Round "3"]
[White "Sarrazin-Gendron, Roman"]
[Black "Dumont, Felix"]
[Result "0-1"]
[WhiteElo "1915"]
[BlackElo "1936"]
[PlyCount "52"]
[GameId "2160767910030191"]
[EventDate "2009.11.27"]
[EventType "swiss"]
[EventRounds "5"]
[EventCountry "CAN"]
[SourceTitle "EXT 2011"]
[Source "ChessBase"]
[SourceDate "2011.11.26"]
[SourceVersion "1"]
[SourceVersionDate "2011.11.26"]
[SourceQuality "1"]

1. Nf3 Nf6 2. c4 g6 3. Nc3 Bg7 4. e4 d6 5. d4 O-O 6. Be2 e5 7. O-O Nbd7 8. d5 Nc5 9. Qc2 a5 10. b3 Ne8 11. a3 f5 12. Rb1 Nxe4 13. Nxe4 fxe4 14. Nd2 Nf6 15. b4 Bf5 16. Nb3 e3 17. Bd3 exf2+ 18. Rxf2 e4 19. Be2 e3 20. Rxf5 gxf5 21. Nxa5 Qc8 22. Bxe3 Ng4 23. Bxg4 fxg4 24. Qc1 Qf5 25. Qd1 Rae8 26. Bd2 Qf2+ 0-1

[Event "Quebec-ch U16"]
[Site "Montreal CAN"]
[Date "2009.11.29"]
[Round "3"]
[White "Trottier, Emile"]
[Black "Powell, Samantha"]
[Result "1-0"]
[WhiteElo "1791"]
[BlackElo "1537"]
[PlyCount "61"]
[GameId "2160767910030192"]
[EventDate "2009.11.27"]
[EventType "swiss"]
[EventRounds "5"]
[EventCountry "CAN"]
[SourceTitle "EXT 2011"]
[Source "ChessBase"]
[SourceDate "2011.11.26"]
[SourceVersion "1"]
[SourceVersionDate "2011.11.26"]
[SourceQuality "1"]

1. e4 e5 2. Nf3 Nc6 3. Bb5 a6 4. Bxc6 dxc6 5. O-O Bd6 6. d4 exd4 7. Qxd4 f6 8. Re1 Ne7 9. Nbd2 O-O 10. b3 Ng6 11. Bb2 Re8 12. h3 Be6 13. Nc4 b5 14. Nxd6 cxd6 15. Rad1 d5 16. e5 fxe5 17. Nxe5 Nxe5 18. Rxe5 Qd7 19. Rde1 Bf5 20. Rxe8+ Rxe8 21. Rxe8+ Kf7 22. Re3 Kf8 23. Rf3 Ke8 24. Qe5+ Be6 25. Ba3 Qb7 26. Qxe6+ Kd8 27. Rf8+ Kc7 28. Qe7+ Kb6 29. Bc5+ Ka5 30. Qd8+ Qb6 31. Qxb6# 1-0

[Event "Quebec-ch U16"]
[Site "Montreal CAN"]
[Date "2009.11.29"]
[Round "4"]
[White "Boni-Rowe, Nicolas"]
[Black "Nevarko, Serguei"]
[Result "0-1"]
[WhiteElo "1347"]
[BlackElo "1089"]
[PlyCount "26"]
[GameId "2160767910030193"]
[EventDate "2009.11.27"]
[EventType "swiss"]
[EventRounds "5"]
[EventCountry "CAN"]
[SourceTitle "EXT 2011"]
[Source "ChessBase"]
[SourceDate "2011.11.26"]
[SourceVersion "1"]
[SourceVersionDate "2011.11.26"]
[SourceQuality "1"]

1. e4 e5 2. Nf3 Nc6 3. Bb5 Nd4 4. Nxd4 exd4 5. d3 Bc5 6. O-O Qh4 7. f4 Nf6 8. Rf3 Ng4 9. Rh3 Qf2+ 10. Kh1 Ne3 11. Bxe3 dxe3 12. Rf3 e2 13. Qg1 Qxg1# 0-1

[Event "Quebec-ch U16"]
[Site "Montreal CAN"]
[Date "2009.11.29"]
[Round "4"]
[White "Dumont, Felix"]
[Black "Poulin, Mathieu"]
[Result "0-1"]
[WhiteElo "1936"]
[BlackElo "1931"]
[PlyCount "62"]
[GameId "2160767910030194"]
[EventDate "2009.11.27"]
[EventType "swiss"]
[EventRounds "5"]
[EventCountry "CAN"]
[SourceTitle "EXT 2011"]
[Source "ChessBase"]
[SourceDate "2011.11.26"]
[SourceVersion "1"]
[SourceVersionDate "2011.11.26"]
[SourceQuality "1"]

1. e4 c6 2. d4 d5 3. e5 Bf5 4. Nc3 e6 5. g4 Bg6 6. Nge2 c5 7. h4 h5 8. Nf4 Bh7 9. gxh5 a6 10. Be3 cxd4 11. Bxd4 Nc6 12. Nfe2 Nh6 13. f4 Be7 14. Bf2 Nf5 15. Na4 Nxh4 16. Bb6 Qc8 17. Be3 Bd8 18. Bb6 Nf5 19. Bxd8 Qxd8 20. Qd2 b5 21. Nc5 Qb6 22. Nb3 Rc8 23. c3 Ke7 24. Rh3 Rhd8 25. Rd1 b4 26. Nbd4 a5 27. cxb4 Nxb4 28. a3 Nxd4 29. Nxd4 Nc2+ 30. Ke2 Qxb2 31. Rb3 Nxd4+ 0-1

[Event "Quebec-ch U16"]
[Site "Montreal CAN"]
[Date "2009.11.29"]
[Round "4"]
[White "Gelet, Seymour"]
[Black "Sarrazin-Gendron, Roman"]
[Result "1-0"]
[WhiteElo "1815"]
[BlackElo "1915"]
[PlyCount "53"]
[GameId "2160767910030195"]
[EventDate "2009.11.27"]
[EventType "swiss"]
[EventRounds "5"]
[EventCountry "CAN"]
[SourceTitle "EXT 2011"]
[Source "ChessBase"]
[SourceDate "2011.11.26"]
[SourceVersion "1"]
[SourceVersionDate "2011.11.26"]
[SourceQuality "1"]

1. d4 Nf6 2. c4 g6 3. Nc3 Bg7 4. e4 d6 5. Be2 O-O 6. Nf3 Na6 7. Bf4 Nh5 8. Be3 f5 9. d5 e5 10. dxe6 fxe4 11. Bg5 Bxc3+ 12. bxc3 Nf6 13. Nd4 Nc5 14. Rb1 Qe7 15. Be3 Ne8 16. O-O Ng7 17. Bg4 Nf5 18. Nxf5 gxf5 19. Bxf5 Bxe6 20. Qg4+ Kf7 21. Bxc5 dxc5 22. Rxb7 Bxc4 23. Bxh7 Ke8 24. Bg6+ Kd8 25. Rd1+ Bd3 26. Bxe4 c4 27. Bxd3 1-0

[Event "Quebec-ch U16"]
[Site "Montreal CAN"]
[Date "2009.11.29"]
[Round "4"]
[White "Nadeau, Emmanuel"]
[Black "MacIsaac, Alexandre"]
[Result "1-0"]
[WhiteElo "1668"]
[BlackElo "1529"]
[PlyCount "35"]
[GameId "2160767910030196"]
[EventDate "2009.11.27"]
[EventType "swiss"]
[EventRounds "5"]
[EventCountry "CAN"]
[SourceTitle "EXT 2011"]
[Source "ChessBase"]
[SourceDate "2011.11.26"]
[SourceVersion "1"]
[SourceVersionDate "2011.11.26"]
[SourceQuality "1"]

1. d4 Nf6 2. c4 e6 3. Nc3 c5 4. Bg5 cxd4 5. Qxd4 Nc6 6. Qd2 Be7 7. Nf3 b6 8. e3 a6 9. Be2 Bb7 10. O-O Rc8 11. Rfd1 h6 12. Bh4 g5 13. Bg3 Bb4 14. Qc2 Na5 15. Ne5 Bxc3 16. Qxc3 Nc6 17. Nxd7 Qxd7 18. Rxd7 1-0

[Event "Quebec-ch U16"]
[Site "Montreal CAN"]
[Date "2009.11.29"]
[Round "4"]
[White "Powell, Samantha"]
[Black "Paquette, Esther-Jeanne"]
[Result "1-0"]
[WhiteElo "1537"]
[BlackElo "994"]
[PlyCount "109"]
[GameId "2160767910030197"]
[EventDate "2009.11.27"]
[EventType "swiss"]
[EventRounds "5"]
[EventCountry "CAN"]
[SourceTitle "EXT 2011"]
[Source "ChessBase"]
[SourceDate "2011.11.26"]
[SourceVersion "1"]
[SourceVersionDate "2011.11.26"]
[SourceQuality "1"]

1. e4 e5 2. Nf3 Nc6 3. Bc4 Nf6 4. d4 d5 5. exd5 Nxd5 6. dxe5 Ndb4 7. Bd2 Bg4 8. Bb5 Bxf3 9. gxf3 Qe7 10. O-O O-O-O 11. a3 Qxe5 12. Bxc6 Nxc6 13. Nc3 Bd6 14. f4 Qf6 15. Qg4+ Kb8 16. Rac1 Bxa3 17. bxa3 Rxd2 18. Ne4 Qd4 19. Nxd2 Qxd2 20. Rfd1 Qc3 21. Qg3 Qf6 22. Rd2 Rd8 23. Rcd1 Rxd2 24. Rxd2 a6 25. Qe3 Qg6+ 26. Kh1 f6 27. Re2 b6 28. Qc3 f5 29. Re3 Qd6 30. Qxg7 Qxf4 31. Qg3 Qxg3 32. fxg3 Nd4 33. c3 Nc2 34. Rf3 Nxa3 35. Rxf5 Nb5 36. Rf3 Kb7 37. Kg1 Kc6 38. Kf1 Kc5 39. Ke2 Kc4 40. Kd2 c5 41. Rf6 Nxc3 42. Rxb6 a5 43. Ra6 a4 44. Kc2 Kb4 45. h4 Ne2 46. g4 Nd4+ 47. Kb2 c4 48. Rb6+ Kc5 49. Rb8 Nb5 50. g5 Kb4 51. h5 a3+ 52. Ka2 Ka4 53. Rxb5 Kxb5 54. Kxa3 c3 55. Kb3 1-0

[Event "Quebec-ch U16"]
[Site "Montreal CAN"]
[Date "2009.11.29"]
[Round "4"]
[White "Trottier, Emile"]
[Black "Page-Fortin, Mathieu"]
[Result "1-0"]
[WhiteElo "1791"]
[BlackElo "1822"]
[PlyCount "75"]
[GameId "2160767910030198"]
[EventDate "2009.11.27"]
[EventType "swiss"]
[EventRounds "5"]
[EventCountry "CAN"]
[SourceTitle "EXT 2011"]
[Source "ChessBase"]
[SourceDate "2011.11.26"]
[SourceVersion "1"]
[SourceVersionDate "2011.11.26"]
[SourceQuality "1"]

1. e4 e6 2. d4 d5 3. e5 c5 4. c3 Nc6 5. Nf3 Qb6 6. Be2 Nh6 7. O-O cxd4 8. cxd4 Bd7 9. Nc3 Nf5 10. Na4 Qa5 11. Bd2 Qd8 12. Be3 b5 13. Nc5 Bxc5 14. dxc5 Nxe3 15. fxe3 O-O 16. Bxb5 Nxe5 17. Bxd7 Nxd7 18. b4 Qb8 19. Rb1 a5 20. c6 Ne5 21. b5 Nc4 22. Qd3 Qb6 23. Qd4 Qxd4 24. Nxd4 Rab8 25. a4 Nb6 26. Rfc1 Rfc8 27. Ra1 Kf8 28. Nb3 Ra8 29. Nc5 Ke7 30. Kf2 Kd6 31. Na6 f6 32. Rc2 Rxa6 33. bxa6 Rxc6 34. Rxc6+ Kxc6 35. Rb1 Nc4 36. Rb7 Nb6 37. a7 Na8 38. Rb8 1-0

[Event "Quebec-ch U16"]
[Site "Montreal CAN"]
[Date "2009.11.29"]
[Round "5"]
[White "Gelet, Seymour"]
[Black "Dumont, Felix"]
[Result "1-0"]
[WhiteElo "1815"]
[BlackElo "1936"]
[PlyCount "67"]
[GameId "2160767910030199"]
[EventDate "2009.11.27"]
[EventType "swiss"]
[EventRounds "5"]
[EventCountry "CAN"]
[SourceTitle "EXT 2011"]
[Source "ChessBase"]
[SourceDate "2011.11.26"]
[SourceVersion "1"]
[SourceVersionDate "2011.11.26"]
[SourceQuality "1"]

1. d4 Nf6 2. c4 g6 3. Nc3 Bg7 4. e4 d6 5. Be2 O-O 6. Nf3 e5 7. dxe5 dxe5 8. Qxd8 Rxd8 9. Bg5 Re8 10. O-O-O Nbd7 11. Nb5 Re6 12. Nxc7 Rc6 13. Nxa8 Nxe4 14. Be3 f5 15. Nd2 Ndc5 16. f3 Nd6 17. Nb3 Nxb3+ 18. axb3 Bf8 19. c5 b6 20. Bc4+ Nxc4 21. bxc4 Be7 22. b4 Be6 23. Kb2 Rc8 24. Nxb6 axb6 25. cxb6 Rxc4 26. Bc5 Bf6 27. b7 e4+ 28. Kb1 Be5 29. Rd8+ Kf7 30. b8=Q Bxb8 31. Rxb8 exf3 32. gxf3 f4 33. Rc1 Bf5+ 34. Kb2 1-0

[Event "Quebec-ch U16"]
[Site "Montreal CAN"]
[Date "2009.11.29"]
[Round "5"]
[White "Nevarko, Serguei"]
[Black "MacIsaac, Alexandre"]
[Result "0-1"]
[WhiteElo "1089"]
[BlackElo "1529"]
[PlyCount "110"]
[GameId "2160767910030200"]
[EventDate "2009.11.27"]
[EventType "swiss"]
[EventRounds "5"]
[EventCountry "CAN"]
[SourceTitle "EXT 2011"]
[Source "ChessBase"]
[SourceDate "2011.11.26"]
[SourceVersion "1"]
[SourceVersionDate "2011.11.26"]
[SourceQuality "1"]

1. e4 c5 2. Nf3 e6 3. d4 cxd4 4. Nxd4 Nc6 5. Nc3 a6 6. Be2 Nf6 7. Bg5 Be7 8. Qd3 O-O 9. O-O-O d5 10. exd5 Nxd5 11. Bxe7 Ncxe7 12. Bf3 Rb8 13. Nde2 b5 14. Nxd5 Nxd5 15. Bxd5 Qxd5 16. Qxd5 exd5 17. Nf4 Be6 18. Nxd5 Bxd5 19. Rxd5 Rfe8 20. Kd2 g6 21. Re1 Rxe1 22. Kxe1 Kg7 23. Rd7 Rb6 24. Kd2 Re6 25. b3 Kf6 26. c4 bxc4 27. bxc4 Rc6 28. Kd3 Ke6 29. Rd5 Rb6 30. c5 Kxd5 31. cxb6 Kc6 32. b7 Kxb7 33. Kc4 Kb6 34. a3 Ka5 35. Kb3 Kb5 36. a4+ Kc5 37. Kc3 f5 38. f4 h6 39. h4 h5 40. g3 a5 41. Kb3 Kd4 42. Kb2 Kc4 43. Kc2 Kb4 44. Kd3 Kxa4 45. Kc4 Ka3 46. Kc3 a4 47. Kc4 Kb2 48. Kd5 a3 49. Ke6 a2 50. Kf6 a1=Q 51. Kxg6 Qg1 52. Kxf5 Qxg3 53. Ke5 Qxh4 54. f5 Qg5 55. Ke6 h4 0-1

[Event "Quebec-ch U16"]
[Site "Montreal CAN"]
[Date "2009.11.29"]
[Round "5"]
[White "Page-Fortin, Mathieu"]
[Black "Powell, Samantha"]
[Result "1-0"]
[WhiteElo "1822"]
[BlackElo "1537"]
[PlyCount "93"]
[GameId "2160767910030201"]
[EventDate "2009.11.27"]
[EventType "swiss"]
[EventRounds "5"]
[EventCountry "CAN"]
[SourceTitle "EXT 2011"]
[Source "ChessBase"]
[SourceDate "2011.11.26"]
[SourceVersion "1"]
[SourceVersionDate "2011.11.26"]
[SourceQuality "1"]

1. e4 e5 2. Nf3 Nc6 3. Bb5 a6 4. Ba4 Nf6 5. O-O b5 6. Bb3 Be7 7. Re1 O-O 8. h3 d6 9. c3 Nb8 10. d4 Nbd7 11. Nbd2 c5 12. a4 Bb7 13. Qe2 c4 14. Bc2 Qc7 15. Nf1 h6 16. Ng3 Rfe8 17. Nf5 Bf8 18. d5 Nc5 19. Nh2 Bc8 20. Ng4 Nxg4 21. Qxg4 Kh8 22. Re3 Qd8 23. Rg3 Bxf5 24. exf5 Qf6 25. h4 e4 26. Bg5 Qe5 27. Bxh6 Ra7 28. Be3 f6 29. Bd4 Qe7 30. h5 Qf7 31. axb5 Qxd5 32. h6 Qf7 33. hxg7+ Bxg7 34. Qh4+ Kg8 35. Bxf6 Qf8 36. Qg5 Nd3 37. Bxd3 exd3 38. Bd4 Rd7 39. f6 Ree7 40. fxe7 Rxe7 41. Qd5+ Qf7 42. Rxg7+ Kf8 43. Rxf7+ Rxf7 44. Qxd6+ Kg8 45. Rxa6 d2 46. Ra8+ Kh7 47. Rh8# 1-0

[Event "Quebec-ch U16"]
[Site "Montreal CAN"]
[Date "2009.11.29"]
[Round "5"]
[White "Paquette, Esther-Jeanne"]
[Black "Boni-Rowe, Nicolas"]
[Result "1/2-1/2"]
[WhiteElo "994"]
[BlackElo "1347"]
[PlyCount "114"]
[GameId "2160767910030202"]
[EventDate "2009.11.27"]
[EventType "swiss"]
[EventRounds "5"]
[EventCountry "CAN"]
[SourceTitle "EXT 2011"]
[Source "ChessBase"]
[SourceDate "2011.11.26"]
[SourceVersion "1"]
[SourceVersionDate "2011.11.26"]
[SourceQuality "1"]

1. d4 f5 2. c4 e6 3. Nf3 Nf6 4. Nc3 Be7 5. Bf4 O-O 6. e3 d5 7. cxd5 exd5 8. Bd3 c6 9. O-O Ne4 10. Ne1 g5 11. f3 Nxc3 12. bxc3 gxf4 13. exf4 Kh8 14. Nc2 c5 15. Kh1 Nc6 16. dxc5 Bxc5 17. Qb1 d4 18. cxd4 Nxd4 19. Qb2 Qf6 20. Ne1 Nc6 21. Qc1 b6 22. Bc4 Be6 23. Bxe6 Qxe6 24. Nd3 Bd4 25. Rb1 Rac8 26. Re1 Qg6 27. Qc4 Bg7 28. Re6 Rf6 29. Rbe1 Rcf8 30. Qxc6 Rd8 31. Rxf6 Qxf6 32. Ne5 Rd2 33. Qxf6 Bxf6 34. h3 Rxa2 35. Rc1 Bxe5 36. fxe5 Re2 37. Rc8+ Kg7 38. Rc7+ Kg6 39. Rxa7 Rxe5 40. Ra6 Re6 41. g4 Kf6 42. Kg2 b5 43. Ra5 Rb6 44. Kg3 fxg4 45. hxg4 b4 46. Ra1 b3 47. Rb1 Ke5 48. f4+ Kd4 49. f5 Kc3 50. g5 b2 51. f6 Rb7 52. Kf4 Kc2 53. Rxb2+ Kxb2 54. Ke5 Kc3 55. Ke6 Kd4 56. f7 Rxf7 57. Kxf7 Ke5 1/2-1/2

[Event "Quebec-ch U16"]
[Site "Montreal CAN"]
[Date "2009.11.29"]
[Round "5"]
[White "Poulin, Mathieu"]
[Black "Trottier, Emile"]
[Result "1-0"]
[WhiteElo "1931"]
[BlackElo "1791"]
[PlyCount "109"]
[GameId "2160767910030203"]
[EventDate "2009.11.27"]
[EventType "swiss"]
[EventRounds "5"]
[EventCountry "CAN"]
[SourceTitle "EXT 2011"]
[Source "ChessBase"]
[SourceDate "2011.11.26"]
[SourceVersion "1"]
[SourceVersionDate "2011.11.26"]
[SourceQuality "1"]

1. d4 e6 2. c4 f5 3. Nc3 Nf6 4. g3 d5 5. Bg2 c6 6. Nf3 Bd6 7. b3 O-O 8. O-O Nbd7 9. Qc2 Qe8 10. Bb2 Ne4 11. e3 Nxc3 12. Bxc3 Nf6 13. Ne1 Bd7 14. Nd3 Qe7 15. f3 Be8 16. Rae1 Bg6 17. Nf4 Bxf4 18. exf4 Qd6 19. Qd2 Rfe8 20. Bb4 Qd7 21. c5 Bf7 22. Re3 Rac8 23. Rfe1 Rb8 24. Rc1 Rbc8 25. Bf1 Rb8 26. Ba5 Rec8 27. Qe1 Kf8 28. Bd2 Re8 29. b4 a6 30. a4 Ra8 31. Rb3 Reb8 32. Ra1 Qe8 33. Kf2 Nd7 34. b5 axb5 35. axb5 Qc8 36. Ba5 Ke7 37. Qb4 Be8 38. Rba3 Kf7 39. bxc6 bxc6 40. Bb6 Rxa3 41. Rxa3 Ra8 42. Ra5 Rxa5 43. Qxa5 Qb8 44. Bd3 Nf6 45. Ke3 Bd7 46. Kd2 Ke7 47. Kc3 Ne8 48. Bc2 Qb7 49. Bd8+ Kf7 50. Qb6 Qc8 51. Bd3 Nf6 52. Ba6 Qa8 53. Bxf6 Kxf6 54. Kb4 Bc8 55. Qd8+ 1-0